FINANCIAL AND MANAGERIAL ACCOUNTING (Record no. 215916)

MARC details
000 -LEADER
fixed length control field 00578nam a22001937a 4500
008 - FIXED-LENGTH DATA ELEMENTS--GENERAL INFORMATION
fixed length control field 250717b |||||||| |||| 00| 0 eng d
020 ## - INTERNATIONAL STANDARD BOOK NUMBER
International Standard Book Number 978-1-285-16373-4
050 ## - LIBRARY OF CONGRESS CALL NUMBER
Classification number HF5636 .W37 2014
100 ## - MAIN ENTRY--PERSONAL NAME
Personal name WARREN, CARL S.
245 ## - TITLE STATEMENT
Title FINANCIAL AND MANAGERIAL ACCOUNTING
250 ## - EDITION STATEMENT
Edition statement 12
260 ## - PUBLICATION, DISTRIBUTION, ETC.
Place of publication, distribution, etc. MASON, OH,
Name of publisher, distributor, etc. SOUTH-WESTERN/CENGAGE LEARNING,
Date of publication, distribution, etc. 2014
300 ## - PHYSICAL DESCRIPTION
Extent XXXII,1280P.:ILL
500 ## - GENERAL NOTE
General note INCLUDES INDEX
650 ## - SUBJECT ADDED ENTRY
Topical term or geographic name entry element 1. ACCOUNTING 2. MANAGERIAL ACCOUNTING
700 ## - ADDED ENTRY--PERSONAL NAME
Personal name REEVE, JAMES M.
-- DUCHAC, JONATHAN E.
942 ## - ADDED ENTRY ELEMENTS (KOHA)
Source of classification or shelving scheme Library of Congress Classification
Koha item type Long Loan Book
Holdings
Withdrawn status Lost status Source of classification or shelving scheme Damaged status Not for loan Collection Home library Current library Shelving location Date acquired Inventory number Total checkouts Full call number Barcode Date last seen Copy number Price effective from Koha item type
    Library of Congress Classification     Business & Economics Kisii University Library Kisii University Library On Display 07/17/2025 109235   HF5636 .W37 2014 000000018442 07/17/2025 1 07/17/2025 Long Loan Book
    Library of Congress Classification     Business & Economics Kisii University Library Kisii University Library On Display 07/17/2025 109236   HF5636 .W37 2014 000000018441 07/17/2025 2 07/17/2025 Long Loan Book
    Library of Congress Classification     Business & Economics Kisii University Library Kisii University Library On Display 07/17/2025 109237   HF5636 .W37 2014 000000023987 07/17/2025 3 07/17/2025 Long Loan Book
    Library of Congress Classification     Business & Economics Kisii University Library Kisii University Library On Display 07/17/2025 109238   HF5636 .W37 2014 000000023986 07/17/2025 4 07/17/2025 Long Loan Book
    Library of Congress Classification     Business & Economics Kisii University Library Kisii University Library On Display 07/17/2025 109239   HF5636 .W37 2014 000000023985 07/17/2025 5 07/17/2025 Long Loan Book